000 01285cam a2200145 4500500
005 20260329023137.0
041 _afre
042 _adc
100 1 0 _aAlonzo, Philippe
_eauthor
700 1 0 _aHugrée, Cédric
_eauthor
245 0 0 _aSociologie des classes populaires : Domaines et approches
260 _bArmand Colin,
_c2010.
520 _a« Démunis » , « exclus » , « nouveaux pauvres »… À l’heure où les conséquences économiques et sociales de la crise financière fragilisent ceux qu’un ministre avait un temps désignés comme « La France d’en bas », Philippe Alonzo et Cédric Hugrée reviennent sur les travaux et enquêtes sociologiques qui ont forgé la catégorie de « classes populaires » et en ont fait un outil pour décrire et comprendre le monde social.Cet ouvrage retrace tout d’abord les débats sociologiques liés à la définition du « populaire ». Il revient ensuite sur les approches et les enquêtes qui ont analysé les transformations et permanences de ces milieux sociaux : depuis leurs rapports au politique, en passant par le travail et l’emploi, sans oublier leurs styles de vie et l’école.
856 4 1 _uhttps://shs.cairn.info/sociologie-des-classes-populaires--9782200352738?lang=fr&redirect-ssocas=7080
999 _c1925038
_d1925038